Escudos das Seleções de Futebol - Statistics

Estatísticas Gerais
  • Esse quiz foi jogado 1 072 vezes
  • A pontuação média é 101 de 211
Estatísticas das Respostas
Imagem Resposta % Correto
Brasil
100%
Argentina
98%
Bélgica
98%
Itália
98%
França
97%
Portugal
97%
Alemanha
96%
Espanha
96%
Inglaterra
96%
México
96%
Colômbia
95%
Croácia
95%
Estados Unidos
95%
Japão
95%
Países Baixos
95%
Senegal
95%
Irã
94%
Chile
93%
Ucrânia
93%
Uruguai
93%
Tunísia
92%
Coreia do Sul
91%
Nigéria
91%
Suécia
91%
Marrocos
90%
País de Gales
89%
Camarões
88%
Canadá
88%
Austrália
87%
Turquia
87%
Dinamarca
86%
Paraguai
86%
Peru
86%
Catar
85%
Egito
85%
Noruega
85%
Romênia
84%
Gana
83%
Irlanda
83%
Jamaica
83%
Escócia
82%
Grécia
82%
Equador
80%
Israel
77%
África do Sul
76%
Eslovênia
75%
Costa Rica
74%
Honduras
74%
Zâmbia
73%
Iraque
72%
Irlanda do Norte
72%
Mali
72%
Bósnia e Herzegovina
71%
Haiti
71%
Panamá
71%
Suíça
71%
Arábia Saudita
68%
Finlândia
68%
Nova Zelândia
68%
Polônia
68%
Sérvia
67%
El Salvador
66%
Índia
66%
Venezuela
66%
Áustria
65%
Eslováquia
65%
Guiné
65%
Tailândia
65%
Madagascar
64%
Costa do Marfim
63%
Guatemala
63%
Congo
62%
Uzbequistão
62%
Bahrein
60%
Líbano
60%
Armênia
59%
Quênia
59%
China
58%
Trinidad e Tobago
58%
Angola
57%
Líbia
56%
Malawi
55%
Níger
55%
Rússia
55%
Coreia do Norte
54%
Filipinas
51%
Libéria
51%
Nicarágua
51%
Tajiquistão
51%
Bolívia
50%
Emirados Árabes Unidos
49%
Gâmbia
48%
Palestina
48%
República Democrática do Congo
48%
Togo
48%
Afeganistão
47%
Etiópia
47%
Hong Kong
47%
Maldivas
47%
Jordânia
46%
Singapura
46%
Burkina Faso
45%
Comores
45%
Kuwait
45%
Malásia
45%
Tanzânia
44%
Serra Leoa
43%
Benim
42%
Moçambique
42%
Turcomenistão
42%
Barbados
41%
Bermudas
41%
Bulgária
41%
Chipre
41%
Cuba
41%
Hungria
41%
República Dominicana
41%
Guiana
40%
Argélia
39%
Granada
39%
Myanmar
39%
Porto Rico
39%
República Centro-Africana
39%
República Tcheca
39%
Santa Lúcia
39%
Síria
39%
Gabão
38%
Ilhas Salomão
37%
Zimbabwe
37%
Montenegro
36%
Sudão do Sul
36%
Vanuatu
36%
Belize
35%
Nepal
35%
Vietnã
35%
Butão
34%
Samoa
34%
Bangladesh
33%
Macau
33%
Antígua e Barbuda
32%
San Marino
32%
Brunei
31%
Fiji
31%
Tonga
31%
Dominica
30%
Letônia
30%
Bahamas
29%
Gibraltar
29%
Timor-Leste
29%
Liechtenstein
28%
Somália
28%
Islândia
26%
Seychelles
26%
Essuatíni
25%
Guiné Equatorial
25%
Ilhas Cook
25%
Macedônia do Norte
24%
Chade
23%
Laos
23%
Samoa Americana
23%
Djibuti
22%
Eritreia
22%
Montserrat
22%
Azerbaijão
21%
Bielorrússia
21%
Maurício
21%
Nova Caledônia
21%
Guam
20%
Iêmen
20%
Anguilla
19%
Cazaquistão
18%
Ruanda
18%
São Vicente e Granadinas
18%
Albânia
17%
Aruba
17%
Lesoto
17%
Mauritânia
17%
Cabo Verde
16%
Papua-Nova Guiné
16%
Sri Lanka
16%
Kosovo
15%
São Tomé e Príncipe
15%
Sudão
15%
Uganda
15%
Omã
14%
Moldávia
13%
Luxemburgo
11%
São Cristóvão e Névis
11%
Estônia
10%
Geórgia
10%
Camboja
9%
Guiné-Bissau
8%
Mongólia
8%
Malta
7%
Quirguistão
7%
Taiti
6%
Andorra
5%
Botswana
5%
Curaçau
5%
Ilhas Virgens Americanas
5%
Namíbia
5%
Paquistão
5%
Burundi
4%
Ilhas Faroé
4%
Ilhas Virgens Britânicas
4%
Indonésia
4%
Suriname
4%
Ilhas Turcos e Caicos
3%
Lituânia
3%
Ilhas Cayman
2%
Taipé Chinês
2%
Nenhum quiz correspondente encontrado
Distribuição das Pontuações
Porcentagem de Pessoas com Cada Pontuação
Percentil de Números Respondidos
Sua Pontuação Histórica
Você não jogou esse quiz